000
00285 a2200133 4500
001
195030
040
_c
Magnum
240
1
0
_a
A flor que chegou primeiro
_l
por
245
1
0
_a
A flor que chegou primeiro
300
_a
12
362
0
_a
2020
697
_a
LITERATURA INFANTIL
942
_c
BK
999
_c
195030
_d
195030